000 00317nam a22001337a 4500
008 171227b xxu||||| |||| 00| 0 eng d
020 _a978160930113
041 _aeng
080 _212TH
_a34
100 _a14
101 _aJUR
245 _aSECURITIES REGULATION CASES AND MATERIALS
_cCOFFEE,J.C
942 _2udc
_cBK
999 _c39434
_d39434